000 00262nam a2200097Ia 4500
008 230915s9999 xx 000 0 und d
050 _aRG 524 .M95 2016
100 _aMARSHALL,JAYNE (EDITOR)
245 0 _aMYLES TEXTBOOK FOR MIDWIVES:AFRICAN EDITION
942 _cBK
999 _c198804
_d198804